Geomagnetic data 1963 rapid variation (Record no. 3037)
[ view plain ]
| 000 -LEADER | |
|---|---|
| fixed length control field | 00667nam a2200217Ia 4500 |
| 003 - CONTROL NUMBER IDENTIFIER | |
| control field | IN-BaIIA |
| 005 - DATE AND TIME OF LATEST TRANSACTION | |
| control field | 20250729151847.0 |
| 008 - FIXED-LENGTH DATA ELEMENTS--GENERAL INFORMATION | |
| fixed length control field | 211028s9999 xx 000 0 eng d |
| 040 ## - CATALOGING SOURCE | |
| Transcribing agency | IIA Library |
| 080 ## - UNIVERSAL DECIMAL CLASSIFICATION NUMBER | |
| Universal Decimal Classification number | 083.550.38 |
| Item number | IAGA-12R2 |
| 100 ## - MAIN ENTRY--PERSONAL NAME | |
| Personal name | Price, A. T. |
| 9 (RLIN) | 5396 |
| 245 #0 - TITLE STATEMENT | |
| Title | Geomagnetic data 1963 rapid variation |
| Statement of responsibility, etc. | A. T. Price Romana A. and Veldkamp J. |
| 260 ## - PUBLICATION, DISTRIBUTION, ETC. | |
| Place of publication, distribution, etc. | Paris |
| Name of publisher, distributor, etc. | IUGG Publications |
| Date of publication, distribution, etc. | 1967 |
| 300 ## - PHYSICAL DESCRIPTION | |
| Extent | vi, 73p. |
| 490 ## - SERIES STATEMENT | |
| Series statement | IAGA Bulletin; no.12 pt. 2 |
| 650 ## - SUBJECT ADDED ENTRY--TOPICAL TERM | |
| Topical term or geographic name entry element | Geomagnetic Data |
| 650 ## - SUBJECT ADDED ENTRY--TOPICAL TERM | |
| Topical term or geographic name entry element | NASA Thesaurus |
| 700 ## - ADDED ENTRY--PERSONAL NAME | |
| Personal name | Romana, A. |
| 9 (RLIN) | 207 |
| 700 ## - ADDED ENTRY--PERSONAL NAME | |
| Personal name | Veldkamp, J. |
| 9 (RLIN) | 208 |
| 942 ## - ADDED ENTRY ELEMENTS (KOHA) | |
| Koha item type | Books |
| Source of classification or shelving scheme | Dewey Decimal Classification |
| Withdrawn status | Lost status | Source of classification or shelving scheme | Damaged status | Not for loan | Home library | Current library | Shelving location | Date acquired | Cost, normal purchase price | Total Checkouts | Full call number | Barcode | Date last seen | Cost, replacement price | Price effective from | Koha item type | Purchase Price |
|---|---|---|---|---|---|---|---|---|---|---|---|---|---|---|---|---|---|
| Dewey Decimal Classification | IIA Library-Bangalore | IIA Library-Kodaikanal | General Stacks | 20/03/1968 | 19.50 | 083.550.38/ IAGA-12R2 | 3375 | 05/11/2021 | 19.50 | 20/03/1968 | Books | Rs. 19.50 |